Casa na duna (Registo nº 1567)

Detalhes MARC
000 -Etiqueta do registo
Cabeçalho 00619nam0a2200229 4500
005 - Identificador da versão
Campo de controlo 20240813121840.0
035 ## - Other System Control Numbers
System Control Number 13285
100 ## - Dados gerais de processamento
Dados gerais de processamento 20160308d1979 m y0pory5003 ba
102 ## - Pais de publicação ou produção
País de publicação Portugal
101 0# - Língua de publicação
Língua do texto, banda sonora, etc. Português
215 ## - Descrição física 
Indicação específica da natureza do documento e extensão da espécie 178 p.
200 1# - Titulo e menção de responsabilidade
Título próprio Casa na duna
Informação de outro título romance
Primeira menção de responsabilidade Carlos de Oliveira
205 ## - Menção da edição
Menção da edição 6ª ed
210 ## - Publicação, Distribuição, etc. 
Lugar da edição, distribuição, etc. Lisboa
Nome do editor, distribuidor, etc. Livr. Sá da Costa
Data da publicação, distribuição, etc. 1979
606 ## - Nome comum usado como assunto
Número de registo de entrada de autoridade 0002005
Palavra de ordem Literatura portuguesa
Subdivisão de assunto Romance
Código do sistema CA
675 ## - Classificação Decimal Universal (CDU)
Notação 821.134.3-31
Edição 3ª ed.
Língua da edição por
700 #1 - Nome de autor-pessoa física (responsabilidade principal)
Número de registo de entrada de autoridade 0002726
Palavra de ordem Oliveira
Outra parte do nome não tomada para palavra de ordem Carlos de
Datas 1921-1981
966 ## - Identificação da Biblioteca
Sigla EB2,3ENM
942 ## - Elementos de entrada adicionados (Koha)
Tipo de item no Koha Livro
Exemplares
Situação do levantamento Origin of item (home branch) (coded) Biblioteca de empréstimo Código de barras Cota Circulation type (not for loan) Tipo de documento Nota do exemplar Damaged status
  Biblioteca Escolar Eng. Nuno Mergulhão Biblioteca Escolar Eng. Nuno Mergulhão BENM1165 82LP-3 OLI   Livro Sem mensagem